<?xml version="1.0" encoding="UTF-8"?>
<record
    xmlns:xsi="http://www.w3.org/2001/XMLSchema-instance"
    xsi:schemaLocation="http://www.loc.gov/MARC21/slim http://www.loc.gov/standards/marcxml/schema/MARC21slim.xsd"
    xmlns="http://www.loc.gov/MARC21/slim">

  <leader>00586nam a22001337a 4500</leader>
  <datafield tag="040" ind1=" " ind2=" ">
    <subfield code="c">RUA</subfield>
  </datafield>
  <datafield tag="082" ind1=" " ind2=" ">
    <subfield code="a">AGI IEN 2020 B1.474 Or</subfield>
  </datafield>
  <datafield tag="100" ind1=" " ind2=" ">
    <subfield code="a">IEN SAVIN &#x17A2;&#x17C0;&#x1793; &#x179F;&#x17B6;&#x179C;&#x17B8;&#x1793;</subfield>
  </datafield>
  <datafield tag="245" ind1=" " ind2=" ">
    <subfield code="a">EFFECTS OF ADDING SWEET POTATO FLOUR ON BREAD QUALITY &#x17A5;&#x1791;&#x17D2;&#x1792;&#x17B7;&#x1796;&#x179B;&#x1793;&#x17C3;&#x1780;&#x17B6;&#x179A;&#x1794;&#x1793;&#x17D2;&#x1790;&#x17C2;&#x1798;&#x1794;&#x179A;&#x17B7;&#x1798;&#x17B6;&#x178E;&#x1798;&#x17D2;&#x179F;&#x17C5;&#x178A;&#x17C6;&#x17A1;&#x17BC;&#x1784;&#x1787;&#x17D2;&#x179C;&#x17B6;&#x1791;&#x17C5;&#x179B;&#x17BE;&#x1782;&#x17BB;&#x178E;&#x1797;&#x17B6;&#x1796;&#x1793;&#x17C6;&#x1794;&#x17D0;&#x17BB;&#x1784;</subfield>
  </datafield>
  <datafield tag="260" ind1=" " ind2=" ">
    <subfield code="a">RUA </subfield>
    <subfield code="b">PHNOM PENH</subfield>
    <subfield code="c">2020</subfield>
  </datafield>
  <datafield tag="300" ind1=" " ind2=" ">
    <subfield code="a">x46p</subfield>
    <subfield code="b">vii</subfield>
    <subfield code="c">29cm</subfield>
  </datafield>
  <datafield tag="856" ind1=" " ind2=" ">
    <subfield code="u">https://drive.google.com/file/d/1UQUlhWaEOmr_VwGysf0n9MzPn1ezytxI/view?usp=sharing</subfield>
  </datafield>
  <datafield tag="942" ind1=" " ind2=" ">
    <subfield code="c">AGI</subfield>
  </datafield>
  <datafield tag="999" ind1=" " ind2=" ">
    <subfield code="c">23558</subfield>
    <subfield code="d">23558</subfield>
  </datafield>
  <datafield tag="952" ind1=" " ind2=" ">
    <subfield code="0">0</subfield>
    <subfield code="1">0</subfield>
    <subfield code="2">ddc</subfield>
    <subfield code="4">0</subfield>
    <subfield code="6">AGI_IEN_2020_000000000000000_B1474_OR_1</subfield>
    <subfield code="7">0</subfield>
    <subfield code="9">100980</subfield>
    <subfield code="a">LBB</subfield>
    <subfield code="b">LBB</subfield>
    <subfield code="c">B1.474</subfield>
    <subfield code="d">2024-08-12</subfield>
    <subfield code="o">AGI IEN 2020 B1-474 Or.1</subfield>
    <subfield code="p">a080215</subfield>
    <subfield code="r">2024-08-12</subfield>
    <subfield code="w">2024-08-12</subfield>
    <subfield code="y">AGI</subfield>
  </datafield>
  <datafield tag="952" ind1=" " ind2=" ">
    <subfield code="0">0</subfield>
    <subfield code="1">0</subfield>
    <subfield code="2">ddc</subfield>
    <subfield code="4">0</subfield>
    <subfield code="6">AGI_IEN_2020_000000000000000_B1474_OR_2</subfield>
    <subfield code="7">0</subfield>
    <subfield code="9">100981</subfield>
    <subfield code="a">LBB</subfield>
    <subfield code="b">LBB</subfield>
    <subfield code="c">B1.474</subfield>
    <subfield code="d">2024-08-12</subfield>
    <subfield code="o">AGI IEN 2020 B1-474 Or.2</subfield>
    <subfield code="p">a080103</subfield>
    <subfield code="r">2024-08-12</subfield>
    <subfield code="w">2024-08-12</subfield>
    <subfield code="y">AGI</subfield>
  </datafield>
  <datafield tag="952" ind1=" " ind2=" ">
    <subfield code="0">0</subfield>
    <subfield code="1">0</subfield>
    <subfield code="2">ddc</subfield>
    <subfield code="4">0</subfield>
    <subfield code="6">AGI_IEN_2020_000000000000000_B1474_OR_3</subfield>
    <subfield code="7">0</subfield>
    <subfield code="9">100982</subfield>
    <subfield code="a">LBB</subfield>
    <subfield code="b">LBB</subfield>
    <subfield code="c">B1.474</subfield>
    <subfield code="d">2024-08-12</subfield>
    <subfield code="o">AGI IEN 2020 B1-474 Or.3</subfield>
    <subfield code="p">a080340</subfield>
    <subfield code="r">2024-08-12</subfield>
    <subfield code="w">2024-08-12</subfield>
    <subfield code="y">AGI</subfield>
  </datafield>
  <datafield tag="952" ind1=" " ind2=" ">
    <subfield code="0">0</subfield>
    <subfield code="1">0</subfield>
    <subfield code="2">ddc</subfield>
    <subfield code="4">0</subfield>
    <subfield code="6">AGI_IEN_2020_000000000000000_B1474_OR_4</subfield>
    <subfield code="7">0</subfield>
    <subfield code="9">100983</subfield>
    <subfield code="a">LBB</subfield>
    <subfield code="b">LBB</subfield>
    <subfield code="c">B1.474</subfield>
    <subfield code="d">2024-08-12</subfield>
    <subfield code="o">AGI IEN 2020 B1-474 Or.4</subfield>
    <subfield code="p">a080067</subfield>
    <subfield code="r">2024-08-12</subfield>
    <subfield code="w">2024-08-12</subfield>
    <subfield code="y">AGI</subfield>
  </datafield>
</record>
